|
|
|
|
| LEADER |
00000nam2a2200000 4500 |
| 001 |
133607 |
| 005 |
20231101220435.0 |
| 010 |
|
|
|a 5984570671
|
| 035 |
|
|
|a (RuTPU)RU\TPU\book\144806
|
| 090 |
|
|
|a 133607
|
| 100 |
|
|
|a 20080319d2008 k y0rusy50 ca
|
| 101 |
0 |
|
|a rus
|
| 102 |
|
|
|a RU
|
| 105 |
|
|
|a a z 001zy
|
| 200 |
0 |
|
|a Т. 3: Внепечная металлургия стали
|
| 210 |
|
|
|d 2008
|
| 215 |
|
|
|a 544 с.
|c ил.
|
| 320 |
|
|
|a Список литературы: с. 525-543.
|
| 330 |
|
|
|a В книге приведено современное состояние процессов внепечной металлургии стали. Изложены теоретические основы и технологии получения стали на агрегатах ковш-печь. Рассмотрены конструктивные особенности агрегатов, основные принципы конструирования и технологические параметры во взаимосвязи с энергетическими режимами при оптимизации условий перемешивания металла в процессе работы. Систематизирована теория и практика работы агрегата ковш-печь. Обоснованы новые направления технологии использования порошковых проволок для производства стали. На основе математического моделирования исследованы процессы гидродинамики и тепло-, массопереноса в ковшевой ванне, определена закономерность формирования рафинирующих синтетических шлаков, проведена комплексная физико-химическая оценка свойств материалов и процессов взаимодействия в металлургических расплавах. Значительное внимание уделено перемешиванию жидкого металла в ковше, продувке металла порошкообразными материалами и вопросам вакуумирования стали. В книге обобщен отечественный и зарубежный опыт на достигнутом уровне развития сталеплавильного производства, а также представлены материалы по теоретическим и практическим разработкам авторов, которые проверены и используются на ряде металлургических предприятий. Данная книга является третьей в серии книг «Производство стали» и предназначена для научных и инженерно-технических работников металлургических и машиностроительных предприятий и научно-исследовательских институтов. Может быть полезна преподавателям и студентам вузов. Рекомендована к печати ученым советом Донецкого национального технического университета.
|
| 461 |
|
1 |
|0 (RuTPU)RU\TPU\book\148395
|t Производство стали
|f Д. А. Дюдкин, В. В. Кисиленко
|v Т. 3: Внепечная металлургия стали
|d 2008
|
| 606 |
1 |
|
|a Сталь
|x Обработка внепечная
|2 stltpush
|3 (RuTPU)RU\TPU\subj\56294
|9 74207
|
| 610 |
1 |
|
|a стали
|
| 610 |
1 |
|
|a внепечная металлургия
|
| 610 |
1 |
|
|a внепечное рафинирование
|
| 610 |
1 |
|
|a физико-химические основы
|
| 610 |
1 |
|
|a металлы
|
| 610 |
1 |
|
|a кислород
|
| 610 |
1 |
|
|a раскисление
|
| 610 |
1 |
|
|a сера
|
| 610 |
1 |
|
|a фосфор
|
| 610 |
1 |
|
|a неметаллические включения
|
| 610 |
1 |
|
|a газы
|
| 610 |
1 |
|
|a сталеплавильные агрегаты
|
| 610 |
1 |
|
|a ковши-печи
|
| 610 |
1 |
|
|a жидкие ванны
|
| 610 |
1 |
|
|a гидродинамика
|
| 610 |
1 |
|
|a теплоперенос
|
| 610 |
1 |
|
|a массоперенос
|
| 610 |
1 |
|
|a математические модели
|
| 610 |
1 |
|
|a рафинирующие синтетические шлаки
|
| 610 |
1 |
|
|a формирование
|
| 610 |
1 |
|
|a металлургические расплавы
|
| 610 |
1 |
|
|a физико-химическая оценка
|
| 610 |
1 |
|
|a режимы
|
| 610 |
1 |
|
|a оптимизация
|
| 610 |
1 |
|
|a стали
|
| 610 |
1 |
|
|a жидкий металл
|
| 610 |
1 |
|
|a продувка
|
| 675 |
|
|
|a 669.18.04
|v 3
|
| 801 |
|
1 |
|a RU
|b 63413507
|c 20080319
|g PSBO
|
| 801 |
|
2 |
|a RU
|b 63413507
|c 20150709
|g PSBO
|
| 942 |
|
|
|c BK
|
| 959 |
|
|
|a 35/20080319
|d 1
|e 11000,00
|f ЧЗТЛ:1
|